Využitie matematicko-štatistických metód v účtovníctve a audítorstve dizertačná práca

Na minha lista:
Detalhes bibliográficos
Autor principal: Šumanová, Radka, 1991-
Autor Corporativo: Fakulta hospodárskej informatiky EU. Katedra účtovníctva a audítorstva
Outros Autores: Juhászová, Zuzana, 1970-
Formato: Livro
Idioma:eslovaco
Publicado em: Bratislava 2018
Assuntos:
Tags: Adicionar Tag
Sem tags, seja o primeiro a adicionar uma tag!

MARC

LEADER 00000nbm a2200000 4500
001 0247353
005 20230227104443.0
041 0 |a slo 
044 |a SK 
245 1 0 |a Využitie matematicko-štatistických metód v účtovníctve a audítorstve  |b dizertačná práca  |c Radka Šumanová ; školiteľ: Zuzana Juhászová 
264 1 |a Bratislava  |c 2018 
300 |a 177 s. 
610 2 0 |a matematika 
610 2 0 |a štatistika 
610 2 0 |a účtovníctvo 
610 2 0 |a audítorstvo 
610 2 0 |a metódy matematicko-štatistické 
100 1 |a Šumanová, Radka, 1991- 
700 1 |a Juhászová, Zuzana, 1970- 
710 2 |a Fakulta hospodárskej informatiky EU. Katedra účtovníctva a audítorstva